000 00892nam a22002777a 4500
003 CHAP
005 20220329134431.0
008 971013s1964 r 00010 d
010 _a20439
011 _a21411
035 _a25501
040 _cCHAP
082 _a338.09728
_bC46
110 _aCEPAL
_921292
245 _aExamen preliminar de las posibilidades de desarrollo industrial integrado en Centroamérica
260 _aWashington :
_bInstituto de Desarrollo Económico,
_c1964
300 _apag. varía
590 _aBATCH-UPD
_b10
_c20130110
_lUCH01
_h0219
590 _aBATCH-UPD
_b10
_c20130409
_lUCH01
_h2239
590 _aBATCH-UPD
_b10
_c20130914
_lUCH01
_h1633
590 _aCONVERSION
_b10
_c20130109
_lUCH01
_h1312
650 1 4 _aIndustria
_xAmérica Central.
_957686
901 _aBK
942 _cLIBRO
949 _a338.09728 C46
_bBC
_cLIBRO
_d33724000353322
_eLIBRO
_i25501
_mD
_si
999 _c20439
_d20439